000
00340 a2200157 4500
001
62277
020
_a
9788571532472
040
_c
Anchieta - Pituba
100
_a
Regino, Sueli Maria
240
1
0
_a
Menino passarinho
_l
por
245
1
0
_a
Menino passarinho
300
_a
96
362
0
_a
2011
650
4
_a
Literatura juvenil
942
_c
BK
999
_c
62277
_d
62277